_Managing services marketing text and readings (Record no. 7653)
[ view plain ]
| 000 -LEADER | |
|---|---|
| fixed length control field | 00400nam a2200145Ia 4500 |
| 008 - FIXED-LENGTH DATA ELEMENTS--GENERAL INFORMATION | |
| fixed length control field | 151021s9999 xx 000 0 und d |
| 020 ## - INTERNATIONAL STANDARD BOOK NUMBER | |
| International Standard Book Number | 30541646 |
| 050 ## - LIBRARY OF CONGRESS CALL NUMBER | |
| Classification number | HD 9980.5 B38 1991 |
| 245 ## - TITLE STATEMENT | |
| Title | _Managing services marketing text and readings |
| 260 ## - PUBLICATION, DISTRIBUTION, ETC. (IMPRINT) | |
| Place of publication, distribution, etc. | USA Dryden press 1991 |
| 300 ## - PHYSICAL DESCRIPTION | |
| Extent | xiv,594p. |
| 500 ## - GENERAL NOTE | |
| General note | Includes index |
| 650 ## - SUBJECT ADDED ENTRY--TOPICAL TERM | |
| Topical term or geographic name as entry element | _Marketing |
| 980 ## - EQUIVALENCE OR CROSS-REFERENCE-SERIES STATEMENT--PERSONAL NAME/TITLE [LOCAL, CANADA] | |
| Personal name | ^d20110708 11:55:20^okorir |
No items available.